Výsledky prieskumu dopytu po službách pohostinských stravovacích zariadení na Slovensku a hodnotenie spokojnosti ich zákazníkov

Uložené v:
Podrobná bibliografia
Hlavný autor: Litomerický, Juraj
Médium: Kapitola
Jazyk:Slovak
Tagy: Pridať tag
Žiadne tagy, Buďte prvý, kto otaguje tento záznam!

MARC

LEADER 00000naa$a2200000$$$4500
001 0062239
005 20240502071712.2
041 0 |a slo 
044 |a SK 
245 1 0 |a Výsledky prieskumu dopytu po službách pohostinských stravovacích zariadení na Slovensku a hodnotenie spokojnosti ich zákazníkov  |c Juraj Litomerický 
100 1 |a Litomerický, Juraj